000 002600000a22001210004500
041 0 _aEspañol
082 0 4 _aCD 079
110 1 _aUniversal
245 1 0 _aMúsica para arrullar a niños y padres / Universal
505 0 0 _acanciones
001 1189
942 _cLGB
999 _c48363
_d48363